Responses for Show #7139 - Thursday, October 1, 2015

Matt Jackson game 5.

WE ASKED: Quarterback Aaron Rodgers.

Contestants

[<< previous game]

Ezgi Ustundag, a student from Durham, North Carolina

Greg Vinton, a ranch hand from North Platte, Nebraska

Matt Jackson, a paralegal from Washington, D.C. (whose 4-day cash winnings total $106,000)

[next game >>]

Jeopardy! Round responses

DICKENS BOOK BY CHARACTER
SUPER BOWL MVP QBs
(Alex: Quarterbacks.)
FINANCIAL LITERACY
"EX"CELLENT!
(Alex: Each correct response will begin with "E-X".)
BLUE BIRDS
OF HAPPINESS
    $200 21
A Christmas Carol

Greg
    $200 1
(Tom) Brady

Matt
    $200 14
(Ezgi: What is a realtor?)
[Originally ruled incorrect; reversed after the first break.]

appraiser

Ezgi
    $200 10
exaggeration

Matt
    $200 18
the Galápagos

Matt
    $200 30
yoga

Greg
    $400 20
Oliver Twist

Matt
    $400 2
Joe Namath

Greg
    $400 15
assets

Triple Stumper
    $400 8
exponent

Greg
    $400 22
a penguin

Ezgi
    $400 29
Jefferson

Matt
    $600 16
Bleak House

Matt
    $600 3
Bart Starr

Greg
    $600 11
blue chip

Greg
    $600 6
an extract

Matt
    $600 23
a duck

Ezgi
    $600 28
a roof

Greg
    $800 17
A Tale of Two Cities

Greg
    $800 4
(Drew) Brees

Matt
    $3,000 12
diversification

Greg
    $800 7
an extremity

Ezgi
    $800 24
a heron

Matt
    $800 27
(Charles) Schulz

Matt
    $1000 19
David Copperfield

Matt
    $1000 5
(Joe) Flacco

Greg
    $1000 13
yield

Greg
    $1000 9
an exhibitionist

Triple Stumper
    $1000 25
(Alex: That's right with less than a minute to go.)

a jay

Ezgi
    $1000 26
(Ezgi: What is Estée Lauder?)
(Matt: What is L'Oréal?)

Clinique

MattEzgi
Triple Stumper

Scores at the first commercial break (after clue 15):

Matt Greg Ezgi
$1,800 $7,000 $1,000

Scores at the end of the Jeopardy! Round:

Matt Greg Ezgi
$5,000 $8,800 $2,000

Double Jeopardy! Round responses

GREEK ALPHABET PUZZLERS
HISTORIC AMERICANS
ASIAN MOUNTAINS
THEORIES OF EVERYTHING
20th CENTURY COMPOSERS
TV SHOWS BY SIBLINGS
    $400 16
apple pie

Greg
    $400 19
John Marshall

Greg
    $400 1
Fuji

Greg
    $400 27
economics

Matt
    $400 30
(Ezgi: Britten--who is Britten?)
...
(Alex: More recent than that--"Who is [*]?")

Andrew Lloyd Webber

Ezgi
Triple Stumper
    $400 29
Friends

Matt
    $800 28
a new pair of shoes (new shoes accepted)

Greg
    $800 18
Morse

Greg
    $800 2
Mount Sinai

Greg
    $800 22
gases

Matt
    $800 5
(Scott) Joplin

Matt
    $800 26
(Alex: That would be [*] with very little time left.)

The Partridge Family

Triple Stumper
    $1200 15
Hi-Fi

Matt
    $1200 10
(Mary Baker) Eddy

Matt
    $1200 3
Everest

Greg
    $1200 12
the magnetic field

Matt
    $1200 6
Bernstein

Matt
    $1200 23
Orphan Black

Triple Stumper
    $1600 25
Delta Dawn

Greg
    $6,000 11
Huey Long

Matt
    $1600 4
the Philippines

Matt
    $1600 13
Marxism

Matt
    $1600 7
(Ezgi: Who is Britten?)

Prokofiev

MattEzgi
    $1600 21
(Alex: There it's a party of four.)

Party of Five

Triple Stumper
    $2000 24
a cyclone

Matt
    $2000 17
(Dr. Samuel) Mudd

Greg
    $2000 9
the Hindu Kush

Ezgi
    $6,000 14
acids & bases

Matt
    $2000 8
(Ferde) Grofé

Matt
    $2000 20
Charmed

Triple Stumper

Scores at the end of the Double Jeopardy! Round:

Matt Greg Ezgi
$33,000 $17,200 $2,000

[wagering suggestions for these scores]

Final Jeopardy! Round responses

SHAKESPEARE CHARACTERS
EzgiWhat is Ophelia
$0
GregWhat is Titania
$15,801
MattWhat is Cordelia?
$1,401
Cordelia

Final scores:

Matt Greg Ezgi
$34,401 $1,399 $2,000
5-day champion: $140,401 3rd place: $1,000 2nd place: $2,000

Game dynamics:

Coryat scores:

Matt Greg Ezgi
$24,600 $15,000 $2,000
26 R
(including 2 DDs),
1 W
20 R
(including 1 DD),
0 W
6 R,
3 W

Combined Coryat: $41,600

[game clues] [game scores] [suggest correction]

Game tape date: 2015-09-01
The J! Archive is created by fans, for fans. Scraping, republication, monetization, and malicious use prohibited; this site may use cookies and collect identifying information. See terms. The Jeopardy! game show and all elements thereof, including but not limited to copyright and trademark thereto, are the property of Jeopardy Productions, Inc. and are protected under law. This website is not affiliated with, sponsored by, or operated by Jeopardy Productions, Inc. Join the discussion at JBoard.tv.